| 000 | 00631nam a2200253Ia 4500 | ||
|---|---|---|---|
| 003 | LK-CoDNM | ||
| 008 | 010623t1906 xxu||||| |||| 00| 1 sin d | ||
| 040 |
_aLK-CoDNM _dLK-CoDNM _eLK-CoDNM |
||
| 041 | _asin | ||
| 080 | _a104 J.5 | ||
| 100 |
_aDrieberg,C _eed. |
||
| 245 | _aගොවිකම් සඟරාව | ||
| 246 | _aThe Govikam Sangarava | ||
| 260 |
_bCeylon Agricultural Society _aColombo _c1906 |
||
| 300 | _b14p., 20 cm | ||
| 500 | _aNew Series | ||
| 650 | _aAgriculture | ||
| 650 | _aBee | ||
| 650 | _aFlower | ||
| 650 | _aGreen Manure | ||
| 650 | _aOnion Cultivation | ||
| 650 | _aTrees | ||
| 942 | _cBK | ||
| 999 |
_c86319 _d86319 |
||